Statystyki dla imiona polskie

Kliknij tutaj aby rozwiązać quiz!

Ogólne statystyki

  • Ten quiz został rozwiązany 2 598 razy
  • Średni wynik to 43 z 44

Statystyki odpowiedzi

wpiszimie na litere:% Poprawnych
AlicjaA
100%
AndrzejA
100%
AnitaA
100%
AdelaA
100%
AnnaA
100%
AdaA
100%
BartekB
100%
BolesławaB
100%
BasiaB
100%
BeataB
100%
DominikD
99%
DariaD
99%
DanielD
99%
EwaE
99%
EdytaE
99%
ElaE
99%
EmiliaE
99%
IgaI
99%
IgorI
99%
JanekJ
99%
KarolinaK
99%
KacperK
99%
KatarzynaK
99%
ŁukaszŁ
99%
LeonL
99%
ŁukaszŁ
99%
OlgaO
99%
RyszardR
99%
TeresaT
99%
UlaU
99%
CycyliaC
98%
GrzegorzG
98%
HubertH
98%
MateuszM
98%
MaciejM
98%
MajaM
98%
MariaM
98%
NatalkaN
98%
PiotrekP
98%
PrzemysławP
98%
SebastianS
98%
Stanisław
S
98%
ŚwitorzarŚ
98%
ZosiaZ
98%

Rozkład punktacji

Percentyl według liczby udzielonych odpowiedzi

Procent ludzi z każdym wynikiem

Twoja historia wyników

Nie rozwiązałeś tego quizu